| 000 | 00605nam a2200193 a 4500 | ||
|---|---|---|---|
| 005 | 20240924070859.0 | ||
| 008 | 991125s1969 ag 000 0 spa u | ||
| 035 | _aUPN01000009167 | ||
| 049 | _aCG | ||
| 050 | 4 |
_aBF724 _bD4.28 1969 |
|
| 100 | 1 |
_aDebesse, Maurice, _d1903-1998 _933826 |
|
| 245 | 1 | 0 |
_aCómo estudiar a los adolescentes : _bexamen crítico de confidencias juveniles / _cMaurice Debesse ; tr. María Elena Vela. |
| 250 | _a3a ed. | ||
| 260 |
_aBuenos Aires : _bNova, _c1969. |
||
| 300 | _a158 p. | ||
| 650 | 4 |
_aPsicología del adolescente _91013 |
|
| 650 | 4 |
_aJuventud _914365 |
|
| 905 | _aLibro | ||
| 999 |
_c9167 _d9167 |
||